The use of unleaded gasoline among the parents of grade 6 students of Southville International School school year 1997-1998 / (Record no. 96115)
[ view plain ]
| 000 -LEADER | |
|---|---|
| fixed length control field | 00917nam a2200217 a 4500 |
| 003 - CONTROL NUMBER IDENTIFIER | |
| control field | 0 |
| 005 - DATE AND TIME OF LATEST TRANSACTION | |
| control field | 20250623090340.0 |
| 008 - FIXED-LENGTH DATA ELEMENTS--GENERAL INFORMATION | |
| fixed length control field | 030602s19uu xx 00 eng d |
| 050 ## - LIBRARY OF CONGRESS CALL NUMBER | |
| Classification number | PGS TD 883.2 |
| Item number | .C339 1998 |
| 050 ## - LIBRARY OF CONGRESS CALL NUMBER | |
| Classification number | PGS TD 883.2 |
| Item number | .C339 1998 |
| 100 ## - MAIN ENTRY--PERSONAL NAME | |
| Personal name | Casino, Michael Vincent A. |
| 245 ## - TITLE STATEMENT | |
| Title | The use of unleaded gasoline among the parents of grade 6 students of Southville International School school year 1997-1998 / |
| Statement of responsibility, etc | Michael Vincent A. Casino. |
| 260 ## - PUBLICATION, DISTRIBUTION, ETC. (IMPRINT) | |
| Place of publication, distribution, etc | Las Piñas City, Philippines : |
| Name of publisher, distributor, etc | Southville International School and Colleges, |
| Date of publication, distribution, etc | 1998 |
| 300 ## - PHYSICAL DESCRIPTION | |
| Extent | 24 pages : |
| Other physical details | illustrations ; |
| Dimensions | 28 cm. |
| 650 ## - SUBJECT ADDED ENTRY--TOPICAL TERM | |
| Topical term or geographic name as entry element | Gasoline |
| Form subdivision | Environmental aspects |
| Geographic subdivision | Philippines. |
| 650 ## - SUBJECT ADDED ENTRY--TOPICAL TERM | |
| Topical term or geographic name as entry element | Unleaded gasoline |
| Geographic subdivision | Philippines. |
| 650 ## - SUBJECT ADDED ENTRY--TOPICAL TERM | |
| Topical term or geographic name as entry element | Air |
| Form subdivision | Pollution |
| Geographic subdivision | Philippines. |
| 650 ## - SUBJECT ADDED ENTRY--TOPICAL TERM | |
| Topical term or geographic name as entry element | Parents |
| Form subdivision | Attitudes. |
| Geographic subdivision | Philippines |
| 650 ## - SUBJECT ADDED ENTRY--TOPICAL TERM | |
| Topical term or geographic name as entry element | Energy consumption |
| Form subdivision | Environmental aspects |
| Geographic subdivision | Philippines. |
| 942 ## - ADDED ENTRY ELEMENTS (KOHA) | |
| Source of classification or shelving scheme | Library of Congress Classification |
| Koha item type | PASS |
| Withdrawn status | Lost status | Source of classification or shelving scheme | Damaged status | Home library | Current library | Shelving location | Date acquired | Source of acquisition | Total Checkouts | Full call number | Barcode | Date last seen | Price effective from | Koha item type |
|---|---|---|---|---|---|---|---|---|---|---|---|---|---|---|
| Library of Congress Classification | Luxembourg Library | Luxembourg Library | Portfolio Assessment of SISC Students Section | 06/02/2003 | Donation | PGS TD 883.2 .C339 1998 | P0021 | 04/08/2014 | 04/08/2014 | PASS | ||||
| Library of Congress Classification | Luxembourg Library | Luxembourg Library | Portfolio Assessment of SISC Students Section | 06/03/2003 | Donation | PGS TD 883.2 .C339 1998 | P0148 | 04/08/2014 | 04/08/2014 | PASS |